शेरे पंजाब : (Record no. 118066)

MARC details
000 -LEADER
fixed length control field 01091nam a22002537a 4500
005 - DATE AND TIME OF LATEST TRANSACTION
control field 20170124103105.0
010 ## - LIBRARY OF CONGRESS CONTROL NUMBER
LC control number B-104428
020 ## - INTERNATIONAL STANDARD BOOK NUMBER
Terms of availability 75.00
International Standard Book Number 8186265945
035 ## - SYSTEM CONTROL NUMBER
System control number B-104428
037 ## - SOURCE OF ACQUISITION
Source of stock number/acquisition Cen Lib/Ret
040 ## - CATALOGING SOURCE
Original cataloging agency DPL
Language of cataloging HN
082 ## - DEWEY DECIMAL CLASSIFICATION NUMBER
Classification number 822
Item number दुग्गल
100 ## - MAIN ENTRY--PERSONAL NAME
Personal name दुग्गल, कर्तार सिंह
9 (RLIN) 78190
245 ## - TITLE STATEMENT
Title शेरे पंजाब :
Statement of responsibility, etc कर्तार सिंह दुग्गल
Remainder of title महाराजा रणजीतसिंह /
246 ## - VARYING FORM OF TITLE
Title proper/short title Shere Punjab : Maharaja Ranjeet Singh /
Remainder of title by Kartar Singh Duggal
260 ## - PUBLICATION, DISTRIBUTION, ETC. (IMPRINT)
Place of publication, distribution, etc दिल्ली
Name of publisher, distributor, etc मनु प्रकाशन
Date of publication, distribution, etc 2003
270 ## - ADDRESS
Address 1/6678, गली-3, पूर्वी रोहितास नगर
City दिल्ली
Postal code 110032
300 ## - PHYSICAL DESCRIPTION
Extent 64पृ.
Dimensions 21सेमी (अजिल्द)
650 ## - SUBJECT ADDED ENTRY--TOPICAL TERM
Topical term or geographic name as entry element साहित्य--नाटक
9 (RLIN) 147
650 ## - SUBJECT ADDED ENTRY--TOPICAL TERM
Topical term or geographic name as entry element पंजाबी नाटक
9 (RLIN) 1413
650 ## - SUBJECT ADDED ENTRY--TOPICAL TERM
Topical term or geographic name as entry element Literature--Play
9 (RLIN) 78191
650 ## - SUBJECT ADDED ENTRY--TOPICAL TERM
Topical term or geographic name as entry element Punjabi paly
9 (RLIN) 78192
942 ## - ADDED ENTRY ELEMENTS (KOHA)
Source of classification or shelving scheme Dewey Decimal Classification
Koha item type Hindi Books
Classification part 822
Call number suffix दुग्गल
Holdings
Withdrawn status Lost status Damaged status Not for loan Home library Current library Date acquired Source of acquisition Cost, normal purchase price Total Checkouts Full call number Barcode Date last seen Copy number Cost, replacement price Price effective from Koha item type
        Central Library Central Library 09/09/2015 Cen Lib/Ret 75.00   822 दुग्गल B-104428 09/09/2015 1 75.00 09/09/2015 Hindi Books

© Delhi Public Library
Hit Counter
free hit counter